{"text_format":"1","workbook":"xlsx","n_sheets":1,"sheets":["price bid "],"not_rendered":{"charts":0,"images":1,"macros":1,"external_links":0,"defined_names":0,"comments":0,"pivot_tables":0},"unopened":[],"bounds":{"document_bytes":16777216,"sheet_cells":100000,"rows_first":2000,"rows_last":500,"rows_between":2000,"halvings":0,"cell_chars":16384,"cell_head_chars":4096},"cells_cut":0,"cells_raw":0,"read":"whole","date_system":"1900"}

{"sheet":"price bid ","index":0,"n_rows":34,"n_cols":6,"rows_kept":34,"cut":false,"hidden":false,"merged":[[27,1,27,5],[23,0,23,4],[24,0,24,4],[25,0,25,4],[26,0,26,4],[16,0,16,4],[17,0,17,4],[18,0,18,4],[19,0,19,5],[22,0,22,4],[0,0,0,5],[2,0,2,5],[30,1,30,5],[31,1,31,5],[3,0,3,5],[1,0,1,5],[4,0,4,5],[6,0,6,5],[15,0,15,4]]}
["    BHARAT HEAVY ELECTRICAL LIMITED , JHANSI              "]
["FACTORY CIVIL  DEPARTMENT"]
["PRICE BID  (JS-146)"]
["Name of work - Repair of roads in factory area by laying of Paver blocks."]
["Tender No-FCX/TW/21/12"]
["Sl.no.","Descripition of work","Unit","Qty.","Rate","Amount (Rs.)"]
["Section \"A\""]
[1,"By Mechanical Transport including loading, unloading and stacking:  Lime, moorum, building rubbish","cum",25,78.680000000000007,{"$f":"E8*D8","v":1967.0000000000002}]
[2,"Providing and laying in position cement concrete of specified grade excluding the cost of centering and shuttering - All work up to plinth level : \"1:2:4 (1 cement : 2 coarse sand (zone-III) : 4 graded stone aggregate 20 mm nominal size). ","cum",10,3235.58,{"$f":"E9*D9","v":32355.8}]
[3,"Providing and laying in position specified grade of reinforced cement concrete, excluding the cost of centering, shuttering, finishing and reinforcement - All work up to plinth level :  1:2:4 (1 cement : 2 coarse sand : 4 graded stone aggregate 20 mm nominal size) ","cum",2,3526.24,7052.48]
[4,"Steel reinforcement for R.C.C. work including straightening, cutting, bending, placing in position and binding all complete upto plinth level. Thermo-Mechanically Treated bars of grade Fe-500D or more. ","kg",120,10.99,1318.8]
[5,"Brick work with common burnt clay F.P.S. (non modular) bricks of class designation 7.5 in foundation and plinth in:  Cement mortar 1:6 (1 cement : 6 coarse sand) \n","cum",1,3917.23,3917.23]
[6,"Cement concrete flooring 1:2:4 (1 cement : 2 coarse sand : 4 graded stone aggregate) finished with a floating coat of neat cement, including cement slurry, but excluding the cost of nosing of steps etc. complete.40 mm thick with 20 mm nominal size stone aggregate\n","sqm",20,246.32,4926.3999999999996]
[7,"Providing and laying at or near ground level factory made kerb stone of M-25 grade cement concrete in position to the required line, level and curvature, jointed with cement mortar 1:3 (1 Cement: 3 coarse sand), including making joints with or without grooves","cum",3,4309.45,{"$f":"E14*D14","v":12928.349999999999}]
[8,"Any item in DSR 2016 but not listed above","DSR-2016 unit",10000,1,{"$f":"E15*D15","v":10000}]
["Sectional Total A",null,null,null,null,{"$f":"SUM(F8:F15)","v":74466.06}]
["Sectional Weightage Percentage",null,null,null,null,0.1065]
["Quoted Sectional amount Sec A (derived) from the Quoted Total Price Bid value.",null,null,null,null,{"$f":"F27*F17","v":0}]
["Sectional Multiplying Factor ",null,null,null,null,{"$f":"F18/F16","v":0}]
["Section \"B\""]
["Sl.no.","Descripition of work","Unit","Qty.","Rate without cement cost","Amount (Rs.)"]
[9,"Providing and laying 80 mm thick factory made cement concrete interlocking paver block of M-40 grade made by block making machine with rubber molded unifier finish strong vibratory compaction, of approved size, design & shape, laid in required colour (Red, yellow, Gray) and pattern over and including 50 mm thick compacted bed of stone dust, filling the joints with fine stone dust etc. all complete as per the direction of engineer – incharge.","Sqm",{"$f":"100*8","v":800},{"$f":"499.71","v":499.71},{"$f":"E22*D22","v":399768}]
["Sectional Total B",null,null,null,null,{"$f":"SUM(F21:F22)","v":399768}]
["Sectional Weightage Percentage",null,null,null,null,0.89349999999999996]
["Quoted Sectional amount Sec B (derived) from the Quoted Total Price Bid value.",null,null,null,null,{"$f":"F27*F24","v":0}]
["Sectional Multiplying Factor ",null,null,null,null,{"$f":"F25/F23","v":0}]
["Total "]
["In words",{"$f":"rup(F27)","v":0}]
[]
["Note:","GST Shall be paid Extra As applicable. "]
[null,"1. Bidder has to quote rate in above unlocked cell (F27)only. Item rate shall be calculated automatically. Calculated item rates upto four decimal points may be adjusted w.r.t. gross total amount and it shall be the itemwise final rate for  execution of contract and all other purposes."]
[null,"2. Quoted gross total amount should be considered only if quoted in this excel sheet and print out of this should only be considered for evaluation.  If Price is quoted in any other format other than the Excel Sheet enclosed to the NIT , the offer of the bidder  will be rejected"]
[]
[null,null,null,"(Signature and Seal of  Contractor  )"]